| 000 | 00844nam a22002417a 4500 | ||
|---|---|---|---|
| 005 | 20170124103106.0 | ||
| 010 | _a984193 | ||
| 020 | _c00.00 | ||
| 035 | _a984193 | ||
| 037 | _bCen Lib/Ret | ||
| 040 |
_aDPL _bHN |
||
| 082 |
_aउ _bमौर्य |
||
| 100 |
_aमौर्य , चन्द्रगुप्त _9130 |
||
| 245 |
_aईस्ट बकलैंड रोड / _c चन्द्रगुप्त मौर्य |
||
| 246 |
_aEast bakland road _bby Chandragupta Mourya |
||
| 300 |
_a196पृष्ठ. _c20सेमी(सजिल्द) |
||
| 650 |
_aहिंदी साहित्य _978469 |
||
| 650 |
_aहिंदी उपन्यास _978470 |
||
| 650 |
_ahindi Literature _978471 |
||
| 650 |
_ahindi novel _978472 |
||
| 700 |
_a _978473 |
||
| 942 |
_2ddc _cHN _hउ _mमौर्य |
||
| 999 |
_c118126 _d118126 |
||